01148nam a2200193Ia 4500001001100000003001000011008004100021040002500062041001300087100002300100245009100123250001100214260006400225300001200289500026000301501011400561520026000675650001900935L942-50932IT-CnALBA170116s9999||||xx |||||||||||||| ||und|| aIT-CnALBAcIT-CnALBA aITALIANO aLANDOGNA FRANCESCO 0aNELLA LUCE DELLA STORIA. LA CIVILTÀ MEDIEVALE E MODERNA. TESTO PER LA SCUOLA MEDIA.  a3a ed. a FIRENZE MESSINAbD'ANNA CASA EDITR. c1952 [1° Ed.: n.d.] a198 p.  aCRISTIANESIMO. FINE DELL'IMPERO ROMANO. REGNI ROMANO BARBARICI. LONGOBARDI. GREGORIO MAGNO. ARABI, MAOMETTO. L'IMPERO CAROLINGIO. FEUDALESIMO. LE INVESTITURE. I NORMANNI. LE REPUBBLICHE MARINARE. COMUNI E IMPERO. INNOCENZO III, FEDERICO II. SAN FRANCESCO  aSocietà San Paolo EM - Piazza San Paolo, 14 - 12051 ALBA (CN) (non commercial uses only) ® Copyright 2017 aCRISTIANESIMO. FINE DELL'IMPERO ROMANO. REGNI ROMANO BARBARICI. LONGOBARDI. GREGORIO MAGNO. ARABI, MAOMETTO. L'IMPERO CAROLINGIO. FEUDALESIMO. LE INVESTITURE. I NORMANNI. LE REPUBBLICHE MARINARE. COMUNI E IMPERO. INNOCENZO III, FEDERICO II. SAN FRANCESCO  aSTORIA MODERNA